<?xml version="1.0" encoding="UTF-8"?>
<record
    xmlns:xsi="http://www.w3.org/2001/XMLSchema-instance"
    xsi:schemaLocation="http://www.loc.gov/MARC21/slim http://www.loc.gov/standards/marcxml/schema/MARC21slim.xsd"
    xmlns="http://www.loc.gov/MARC21/slim">

  <leader>02076cam a2200313 a 4500</leader>
  <controlfield tag="003">EG-GiCUC</controlfield>
  <controlfield tag="005">20250223030915.0</controlfield>
  <controlfield tag="008">131217c2013    ua     f m    000 0 ara d</controlfield>
  <datafield tag="040" ind1=" " ind2=" ">
    <subfield code="a">EG-GiCUC</subfield>
    <subfield code="b">ara</subfield>
    <subfield code="c">EG-GiCUC</subfield>
  </datafield>
  <datafield tag="041" ind1="0" ind2=" ">
    <subfield code="a">ara  </subfield>
  </datafield>
  <datafield tag="049" ind1=" " ind2=" ">
    <subfield code="a">&#x627;&#x64A;&#x62F;&#x627;&#x639;</subfield>
  </datafield>
  <datafield tag="097" ind1=" " ind2=" ">
    <subfield code="a">&#x645;&#x627;&#x62C;&#x633;&#x62A;&#x64A;&#x631;</subfield>
  </datafield>
  <datafield tag="099" ind1=" " ind2=" ">
    <subfield code="a">Cai01.06.04.M.Sc.2013.&#x633;&#x639;.&#x641;</subfield>
  </datafield>
  <datafield tag="100" ind1="0" ind2=" ">
    <subfield code="a">&#x633;&#x639;&#x64A;&#x62F; &#x645;&#x62D;&#x645;&#x62F; &#x639;&#x643;&#x627;&#x634;&#x629; </subfield>
  </datafield>
  <datafield tag="245" ind1="1" ind2="0">
    <subfield code="a">&#x641;&#x642;&#x647; &#x627;&#x644;&#x628;&#x64A;&#x648;&#x639; &#x628;&#x64A;&#x646; &#x623;&#x628;&#x649; &#x62D;&#x646;&#x64A;&#x641;&#x629; &#x648; &#x627;&#x628;&#x646; &#x62D;&#x632;&#x645; : </subfield>
    <subfield code="b">&#x62F;&#x631;&#x627;&#x633;&#x629; &#x641;&#x642;&#x647;&#x64A;&#x629; &#x645;&#x642;&#x627;&#x631;&#x646;&#x629; / </subfield>
    <subfield code="c">&#x633;&#x639;&#x64A;&#x62F; &#x645;&#x62D;&#x645;&#x62F; &#x639;&#x643;&#x627;&#x634;&#x629; &#x61B; &#x627;&#x634;&#x631;&#x627;&#x641; &#x639;&#x628;&#x62F;&#x627;&#x644;&#x645;&#x62C;&#x64A;&#x62F; &#x645;&#x62D;&#x645;&#x648;&#x62F; &#x639;&#x628;&#x62F;&#x627;&#x644;&#x645;&#x62C;&#x64A;&#x62F;</subfield>
  </datafield>
  <datafield tag="260" ind1=" " ind2=" ">
    <subfield code="a">&#x627;&#x644;&#x642;&#x627;&#x647;&#x631;&#x629; : </subfield>
    <subfield code="b">&#x633;&#x639;&#x64A;&#x62F; &#x645;&#x62D;&#x645;&#x62F; &#x639;&#x643;&#x627;&#x634;&#x629; : </subfield>
    <subfield code="c">2013</subfield>
  </datafield>
  <datafield tag="300" ind1=" " ind2=" ">
    <subfield code="a">406 &#x648;&#x631;&#x642;&#x629; &#x61B; </subfield>
    <subfield code="c">30&#x633;&#x645;</subfield>
  </datafield>
  <datafield tag="502" ind1=" " ind2=" ">
    <subfield code="a">&#x627;&#x637;&#x631;&#x648;&#x62D;&#x629; (&#x645;&#x627;&#x62C;&#x633;&#x62A;&#x64A;&#x631;) - &#x62C;&#x627;&#x645;&#x639;&#x629; &#x627;&#x644;&#x642;&#x627;&#x647;&#x631;&#x629; - &#x643;&#x644;&#x64A;&#x629; &#x62F;&#x627;&#x631; &#x627;&#x644;&#x639;&#x644;&#x648;&#x645; - &#x642;&#x633;&#x645; &#x627;&#x644;&#x634;&#x631;&#x64A;&#x639;&#x629; &#x627;&#x644;&#x625;&#x633;&#x644;&#x627;&#x645;&#x64A;&#x629;</subfield>
  </datafield>
  <datafield tag="520" ind1=" " ind2=" ">
    <subfield code="a">&#x62A;&#x62F;&#x648;&#x631; &#x647;&#x630;&#x647; &#x627;&#x644;&#x631;&#x633;&#x627;&#x644;&#x629; &#x628;&#x64A;&#x646; &#x639;&#x627;&#x644;&#x645;&#x64A;&#x646; &#x62C;&#x644;&#x64A;&#x644;&#x64A;&#x646; &#x645;&#x646; &#x623;&#x639;&#x644;&#x627;&#x645; &#x627;&#x644;&#x625;&#x633;&#x644;&#x627;&#x645;&#x649; &#x648; &#x647;&#x645;&#x627; &#x627;&#x644;&#x625;&#x645;&#x627;&#x645; &#x623;&#x628;&#x649; &#x62D;&#x646;&#x64A;&#x641;&#x629; &#x635;&#x627;&#x62D;&#x628; &#x645;&#x62F;&#x631;&#x633;&#x629; &#x627;&#x644;&#x631;&#x623;&#x649; &#x648; &#x627;&#x644;&#x627;&#x645;&#x627;&#x645; &#x627;&#x628;&#x646; &#x62D;&#x632;&#x645; &#x635;&#x627;&#x62D;&#x628; &#x645;&#x62F;&#x631;&#x633;&#x629; &#x627;&#x644;&#x646;&#x635; &#x648; &#x642;&#x62F; &#x62A;&#x646;&#x627;&#x648;&#x644;&#x62A; &#x641;&#x649; &#x647;&#x630;&#x647; &#x627;&#x644;&#x631;&#x633;&#x627;&#x644;&#x629; &#x645;&#x627; &#x64A;&#x642;&#x631;&#x628; &#x645;&#x646; &#x645;&#x627;&#x626;&#x629; &#x645;&#x633;&#x623;&#x644;&#x629; &#x645;&#x646; &#x627;&#x644;&#x645;&#x633;&#x627;&#x626;&#x644; &#x630;&#x627;&#x62A; &#x627;&#x644;&#x62E;&#x644;&#x627;&#x641; &#x627;&#x644;&#x628;&#x64A;&#x646; &#x628;&#x64A;&#x646; &#x627;&#x644;&#x623;&#x645;&#x627;&#x645;&#x64A;&#x646; &#x641;&#x649; "&#x627;&#x644;&#x628;&#x64A;&#x648;&#x639;" &#x645;&#x62B;&#x644; &#x62D;&#x643;&#x645; &#x627;&#x644;&#x642;&#x62F;&#x631;&#x629; &#x639;&#x644;&#x649; &#x627;&#x644;&#x62A;&#x633;&#x644;&#x64A;&#x645; &#x648; &#x628;&#x64A;&#x639; &#x627;&#x644;&#x637;&#x639;&#x627;&#x645; &#x642;&#x628;&#x644; &#x642;&#x628;&#x636;&#x647; &#x648; &#x627;&#x644;&#x628;&#x64A;&#x648;&#x639; &#x627;&#x644;&#x645;&#x646;&#x647;&#x649; &#x639;&#x646;&#x647;&#x627; &#x648; &#x643;&#x630;&#x644;&#x643; &#x628;&#x64A;&#x639; &#x627;&#x644;&#x645;&#x62C;&#x647;&#x648;&#x644; &#x646;&#x62D;&#x648; &#x628;&#x64A;&#x639; &#x627;&#x644;&#x62B;&#x645;&#x631;&#x629; &#x642;&#x628;&#x644; &#x628;&#x62F;&#x648; &#x635;&#x644;&#x627;&#x62D;&#x647;&#x627; &#x648; &#x642;&#x62F; &#x62A;&#x646;&#x627;&#x648;&#x644;&#x62A; &#x627;&#x64A;&#x636;&#x627; &#x628;&#x64A;&#x648;&#x639; &#x627;&#x644;&#x63A;&#x628;&#x646; &#x648; &#x627;&#x644;&#x63A;&#x631;&#x631; &#x648; &#x643;&#x630;&#x644;&#x643; &#x627;&#x644;&#x628;&#x64A;&#x648;&#x639; &#x627;&#x644;&#x631;&#x628;&#x648;&#x64A;&#x629; &#x648; &#x628;&#x64A;&#x639; &#x627;&#x644;&#x623;&#x639;&#x64A;&#x627;&#x646; &#x627;&#x644;&#x645;&#x62D;&#x631;&#x645;&#x629; &#x648; &#x643;&#x630;&#x644;&#x643; &#x627;&#x644;&#x62E;&#x64A;&#x627;&#x631;&#x627;&#x62A;  </subfield>
  </datafield>
  <datafield tag="530" ind1=" " ind2=" ">
    <subfield code="a">&#x635;&#x62F;&#x631; &#x627;&#x64A;&#x636;&#x627; &#x643;&#x642;&#x631;&#x635; &#x645;&#x62F;&#x645;&#x62C;</subfield>
  </datafield>
  <datafield tag="653" ind1=" " ind2="4">
    <subfield code="a">&#x628;&#x64A;&#x639; &#x627;&#x644;&#x645;&#x633;&#x644;&#x645; &#x639;&#x644;&#x649; &#x628;&#x64A;&#x639; &#x627;&#x62E;&#x64A;&#x647; </subfield>
  </datafield>
  <datafield tag="653" ind1=" " ind2="4">
    <subfield code="a">&#x62E;&#x64A;&#x627;&#x631; &#x627;&#x644;&#x634;&#x631;&#x637; </subfield>
  </datafield>
  <datafield tag="653" ind1=" " ind2="4">
    <subfield code="a">&#x645;&#x641;&#x647;&#x648;&#x645; &#x627;&#x644;&#x62A;&#x641;&#x631;&#x642; &#x641;&#x649; &#x627;&#x644;&#x628;&#x64A;&#x639; </subfield>
  </datafield>
  <datafield tag="700" ind1="0" ind2=" ">
    <subfield code="a">&#x639;&#x628;&#x62F;&#x627;&#x644;&#x645;&#x62C;&#x64A;&#x62F; &#x645;&#x62D;&#x645;&#x648;&#x62F; &#x639;&#x628;&#x62F;&#x627;&#x644;&#x645;&#x62C;&#x64A;&#x62F; : </subfield>
    <subfield code="e">&#x645;&#x634;&#x631;&#x641;</subfield>
  </datafield>
  <datafield tag="856" ind1=" " ind2=" ">
    <subfield code="u">http://172.23.153.220/th.pdf</subfield>
  </datafield>
  <datafield tag="905" ind1=" " ind2=" ">
    <subfield code="a">Nazla</subfield>
    <subfield code="e">Cataloger</subfield>
  </datafield>
  <datafield tag="905" ind1=" " ind2=" ">
    <subfield code="a">Soheir</subfield>
    <subfield code="e">Revisor</subfield>
  </datafield>
  <datafield tag="942" ind1=" " ind2=" ">
    <subfield code="2">ddc</subfield>
    <subfield code="c">TH</subfield>
  </datafield>
  <datafield tag="999" ind1=" " ind2=" ">
    <subfield code="c">44466</subfield>
    <subfield code="d">44466</subfield>
  </datafield>
  <datafield tag="952" ind1=" " ind2=" ">
    <subfield code="2">ddc</subfield>
    <subfield code="7">0</subfield>
    <subfield code="a">CUCL</subfield>
    <subfield code="b">cl210</subfield>
    <subfield code="d">2024-02-11</subfield>
    <subfield code="o">Cai01.06.04.M.Sc.2013.&#x633;&#x639;.&#x641;</subfield>
    <subfield code="p">01010100018469000</subfield>
    <subfield code="r">2023-09-22 00:00:00</subfield>
    <subfield code="y">TH</subfield>
  </datafield>
  <datafield tag="952" ind1=" " ind2=" ">
    <subfield code="2">ddc</subfield>
    <subfield code="7">0</subfield>
    <subfield code="a">CUCL</subfield>
    <subfield code="b">cl2u8</subfield>
    <subfield code="d">2024-02-11</subfield>
    <subfield code="o">Cai01.06.04.M.Sc.2013.&#x633;&#x639;.&#x641;</subfield>
    <subfield code="p">01020100018469000</subfield>
    <subfield code="r">2023-09-22 00:00:00</subfield>
    <subfield code="t">18469.CD     </subfield>
    <subfield code="y">CD</subfield>
  </datafield>
</record>
